000 00732nam a2200217Ia 4500
003 GCL
008 140319s9999 xx 000 0 ara d
040 _aGCL /
_cGCL
082 0 4 _a191
_bع ا
100 1 _aع. بن عبدالعالى
245 1 0 _aاشكاليات المناهج فى الفكر العربى والعلوم الانسانية /
_cع. بن عبدالعالى
700 1 _aم.وقيدى
700 1 _aس.بنسعيد
260 _a[S.N] :
_bدار توبقال للنشر ،
_c1987
300 _a99 ص
490 _a
650 0 4 _aالحضارة العربية الاسلامية - المعارف البحرية
650 0 4 _aالفلسفة
650 0 4 _aالفلسفة العربية
942 _2ddc
_cBK
999 _c53803
_d53803